000
00330nam a22001457a 4500
008
230414b ||||| |||| 00| 0 eng d
020
_a
9780393976250
041
_a
eng
080
_2
REVISED EDITION
_a
34
082
_a
34STO
100
_a
31
101
_a
JUREDIK
245
_a
POLICY PARADOX
_c
STONE DEBORAH
942
_2
udc
_c
BK
999
_c
59553
_d
59553